| Поле | Инд. | ПП | Название | Значение |
|---|---|---|---|---|
| Тип записи | a | |||
| Библиографический уровень | m | |||
| 001 | Контрольный номер | RU/LIBMSTU/337776089 | ||
| 005 | Дата корректировки | 20171110115756.7 | ||
| 008 | Кодируемые данные | 100915|||||||||ru |||||||||||000|||rus|| | ||
| 020 | a | ISBN | 978-5-9286-0076-1 (т. 2) | |
| 020 | a | ISBN | 978-5-9286-0074-7 | |
| c | Цена, тираж | 904-98 | ||
| 040 | b | Код языка каталог. | rus | |
| 041 | 0_ | a | Код языка текста | rus |
| 084 | a | Индекс другой классификации/Индекс ББК | 65.262.6+65.03(2) | |
| 090 | a | Полочн. индекс | 65.26 | |
| x | Авторский знак | Д 33 | ||
| 245 | 10 | a | Заглавие | Денежное обращение России |
| b | Продолж. заглавия | исторические очерки. Каталог. Материалы архивных фондов. В 3 т. | ||
| c | Ответственность | [авт.-сост. А. В. Юров и др. ; ред. Г. И. Лунтовский, А. Н. Сахаров, А. В. Юров] | ||
| n | Номер части/ раздела | Т. 2. Ч. 1 Денежные знаки регулярных выпусков. Ч. 2 Памятные, юбилейные и инвестиционные монеты | ||
| 260 | a | Место издания | Москва | |
| b | Издательство | Интеркрим-Пресс | ||
| c | Дата издания | 2010 | ||
| 300 | a | Объем | 734, [1] с. | |
| b | Иллюстрации/ тип воспроизводства | цв. ил. | ||
| 650 | 04 | a | Основная рубрика | Деньги и денежное обращение России-История |
| 653 | 0_ | a | Ключевые слова | Бумажные денежные знаки |
| a | Ключевые слова | Денежное обращение | ||
| a | Ключевые слова | Денежные знаки | ||
| a | Ключевые слова | Деньги | ||
| a | Ключевые слова | Инвестиционные монеты | ||
| a | Ключевые слова | История денег | ||
| a | Ключевые слова | Монеты | ||
| a | Ключевые слова | Памятные монеты | ||
| a | Ключевые слова | Юбилейные монеты | ||
| 700 | 12 | a | Другие авторы | Лунтовский Г. Л. |
| e | Роль лиц | ред. | ||
| 700 | 1_ | a | Другие авторы | Юров А. В. |
| e | Роль лиц | авт.-сост. | ||
| 901 | t | Тип документа | m |